[Event "Muensterland Verbandsliga Gr2 2223"]
[Site "Germany"]
[Date "2022.10.22"]
[Round "2.7"]
[White "Kessler, Karl"]
[Black "Resing, Marvin"]
[Result "1-0"]
[WhiteElo "1730"]
[BlackElo "1789"]
[PlyCount "105"]
[EventDate "2022.09.10"]
[EventType "team-tourn"]
[EventRounds "5"]
[EventCountry "GER"]
[SourceTitle "EXT 2024"]
[Source "ChessBase"]
[SourceDate "2023.10.10"]
[SourceVersion "1"]
[SourceVersionDate "2023.10.10"]
[SourceQuality "1"]
[WhiteTeam "Gescher"]
[BlackTeam "Ahaus Wessum"]
[WhiteTeamCountry "GER"]
[BlackTeamCountry "GER"]

1. d4 Nf6 2. Nf3 g6 3. Bf4 Bg7 4. h3 d5 5. e3 0-0 6. Bd3 c5 7. c3 Nc6 8. Nbd2 Nd7 9. 0-0 e5 10. dxe5 Ndxe5 11. Bc2 b6 12. Nxe5 Nxe5 13. Nf3 Re8 14. Nxe5 Bxe5 15. Qf3 Bb7 16. Rfd1 Qc7 17. Bxe5 Qxe5 18. Bb3 Rad8 19. Rd2 Re7 20. Rad1 Red7 21. Qg4 Rd6 22. h4 b5 23. Qg5 f6 24. Qg4 Kg7 25. g3 Bc8 26. Qf3 c4 27. Bc2 h5 28. Qf4 Qxf4 29. gxf4 Bg4 30. Rf1 Bf3 31. Bd1 Be4 32. Be2 Kh6 33. Rfd1 R6d7 34. f3 Bf5 35. e4 dxe4 36. Rxd7 Rxd7 37. Rxd7 Bxd7 38. fxe4 Bc6 39. e5 fxe5 40. fxe5 Kg7 41. Kf2 Kf7 42. Ke3 Ke6 43. Kf4 Bg2 44. Bd1 Bh3 45. Bf3 Bf5 46. Bb7 Kd7 47. Bd5 Bb1 48. a4 a6 49. axb5 axb5 50. Kg5 Bf5 51. Kf6 Kc7 52. Kf7 g5 53. hxg5 1-0

[Event "Muensterland Regionalliga 1819"]
[Site "Germany"]
[Date "2018.11.10"]
[Round "3.8"]
[White "Resing, Marvin"]
[Black "Kloenne, Tim"]
[Result "1-0"]
[WhiteElo "1710"]
[BlackElo "1826"]
[PlyCount "31"]
[EventDate "2018.09.08"]
[EventType "team-tourn"]
[EventRounds "9"]
[EventCountry "GER"]
[SourceTitle "EXT 2020"]
[Source "ChessBase"]
[SourceDate "2019.10.17"]
[SourceVersion "1"]
[SourceVersionDate "2019.10.17"]
[SourceQuality "1"]
[WhiteTeam "Ahaus Wessum"]
[BlackTeam "Gronau"]
[WhiteTeamCountry "GER"]
[BlackTeamCountry "GER"]

1. e4 c6 2. d4 d5 3. Nc3 dxe4 4. Nxe4 Nd7 5. Nf3 Ngf6 6. Ng3 e6 7. Bf4 c5 8. dxc5 Bxc5 9. Bd3 Qb6 10. 0-0 Qxb2 11. Nd2 Qb4 12. Nc4 0-0 13. a4 Be7 14. Bc1 Nd5 15. Ba3 Qc3 16. Ne4 1-0

[Event "Muensterland Regionalliga 1718"]
[Site "Germany"]
[Date "2018.04.21"]
[Round "8.8"]
[White "Resing, Marvin"]
[Black "Stoeckmann, Helmut"]
[Result "1/2-1/2"]
[WhiteElo "1698"]
[BlackElo "2004"]
[PlyCount "37"]
[EventDate "2017.09.02"]
[EventType "team-tourn"]
[EventRounds "9"]
[EventCountry "GER"]
[SourceTitle "EXT 2019"]
[Source "ChessBase"]
[SourceDate "2018.10.10"]
[SourceVersion "1"]
[SourceVersionDate "2018.10.10"]
[SourceQuality "1"]
[WhiteTeam "Ahaus Wessum"]
[BlackTeam "Neuenkirchen"]
[WhiteTeamCountry "GER"]
[BlackTeamCountry "GER"]

1. e4 c5 2. Nf3 e6 3. d4 cxd4 4. Nxd4 a6 5. c4 Nf6 6. Bd3 d6 7. Nc3 Be7 8. 0-0 0-0 9. Be3 Nbd7 10. Bc2 Qc7 11. Qe2 b6 12. f4 Bb7 13. Bf2 Rac8 14. Bb3 Nc5 15. Bc2 Ncd7 16. Bb3 Nc5 17. Bc2 Ncd7 18. Bb3 Nc5 19. Bc2 1/2-1/2